[Event "BL2-West 1718"]
[Site "Germany"]
[Date "2018.01.21"]
[Round "5.3"]
[White "Schaefer, Markus"]
[Black "Tugui, Adrian"]
[Result "1/2-1/2"]
[WhiteElo "2401"]
[BlackElo "2376"]
[PlyCount "38"]
[EventDate "2017.10.08"]
[EventType "team-tourn"]
[EventRounds "9"]
[EventCountry "GER"]
[SourceTitle "CBM 183 Extra"]
[Source "ChessBase"]
[SourceDate "2018.04.19"]
[SourceVersion "1"]
[SourceVersionDate "2018.04.19"]
[SourceQuality "1"]
[WhiteTeam "Solingen"]
[BlackTeam "Koeln SF"]
[WhiteTeamCountry "GER"]
[BlackTeamCountry "GER"]

1. e4 c5 2. Nf3 a6 3. g3 d6 4. Bg2 Nf6 5. Qe2 Nc6 6. c3 g6 7. 0-0 Bg7 8. Rd1 0-0 9. d4 cxd4 10. cxd4 d5 11. e5 Ne8 12. Nc3 Nc7 13. Be3 f6 14. exf6 exf6 15. Rac1 g5 16. Qc2 Bg4 17. Re1 Rc8 18. Qd2 Qd7 19. Na4 Qf5 1/2-1/2

[Event "BL2-West 1718"]
[Site "Germany"]
[Date "2017.10.08"]
[Round "1.3"]
[White "Tugui, Adrian"]
[Black "Berelowitsch, Alexander"]
[Result "0-1"]
[WhiteElo "2376"]
[BlackElo "2522"]
[PlyCount "78"]
[EventDate "2017.10.08"]
[EventType "team-tourn"]
[EventRounds "9"]
[EventCountry "GER"]
[SourceTitle "CBM 183 Extra"]
[Source "ChessBase"]
[SourceDate "2018.04.19"]
[SourceVersion "1"]
[SourceVersionDate "2018.04.19"]
[SourceQuality "1"]
[WhiteTeam "Koeln SF"]
[BlackTeam "Duesseldorf"]
[WhiteTeamCountry "GER"]
[BlackTeamCountry "GER"]

1. d4 d5 2. Bg5 Nf6 3. Bxf6 gxf6 4. g3 c5 5. dxc5 e6 6. Bg2 Bxc5 7. Nf3 Qb6 8. 0-0 Qxb2 9. Nbd2 Nc6 10. c4 0-0 11. cxd5 exd5 12. Nb3 Bb6 13. Qxd5 Be6 14. Qh5 Rfd8 15. Rab1 Qxa2 16. Nh4 Ne7 17. Be4 Ng6 18. Nxg6 hxg6 19. Bxg6 Bxb3 20. Bf5 Be6 21. Rb4 Bxf5 22. Rh4 Kf8 23. Qxf5 Qe6 24. Qh7 f5 25. Rh6 Qe5 26. Rh5 Rac8 27. Rxf5 Qg7 28. Qh4 Rc6 29. Rh5 Kg8 30. Rb1 Rd4 31. e4 Rd2 32. Rf5 Rc5 33. Rf4 Rc6 34. Rb5 Rh6 35. Qe7 Bxf2+ 36. Rxf2 Qa1+ 37. Kg2 Rxh2+ 38. Kxh2 Rxf2+ 39. Kh3 Qf1+ 0-1

[Event "Oberliga NRW 1617"]
[Site "Germany"]
[Date "2016.09.25"]
[Round "1.1"]
[White "Tugui, Adrian"]
[Black "Lutz, Christopher"]
[Result "0-1"]
[WhiteElo "2386"]
[BlackElo "2530"]
[PlyCount "82"]
[EventDate "2016.09.25"]
[EventType "team-tourn"]
[EventRounds "9"]
[EventCountry "GER"]
[SourceTitle "EXT 2020"]
[Source "ChessBase"]
[SourceDate "2019.10.17"]
[SourceVersion "1"]
[SourceVersionDate "2019.10.17"]
[SourceQuality "1"]
[WhiteTeam "Koeln SF"]
[BlackTeam "Koeln Porz II"]
[WhiteTeamCountry "GER"]
[BlackTeamCountry "GER"]

1. d4 Nf6 2. Bg5 e6 3. e4 h6 4. Bxf6 Qxf6 5. c3 d6 6. Bd3 g5 7. Ne2 h5 8. Nd2 Nd7 9. Nc4 a6 10. 0-0 Bh6 11. f4 gxf4 12. Nxf4 Bxf4 13. g3 b5 14. Rxf4 Qh6 15. Na5 e5 16. Rf2 h4 17. Qf3 Qg7 18. Raf1 hxg3 19. Qxf7+ Qxf7 20. Rxf7 gxh2+ 21. Kh1 Nf8 22. Nc6 Ng6 23. Rxc7 Bd7 24. Rf6 Nf4 25. dxe5 Nxd3 26. exd6 Rc8 27. Rf3 Rxc7 28. dxc7 Nc5 29. Ne5 Bc8 30. Rf2 Nxe4 31. Rxh2 Rxh2+ 32. Kxh2 Ke7 33. Kg2 Kd6 34. Nd3 Kxc7 35. Kf3 Nd6 36. b3 Bf5 37. Nb2 Bb1 38. a4 Ne4 39. axb5 axb5 40. Ke3 Nxc3 41. Kd4 Ne4 0-1

[Event "Maastricht Limburg op-A 8th"]
[Site "Maastricht"]
[Date "2014.06.09"]
[Round "6"]
[White "Harff, Wilfried"]
[Black "Tugui, Adrian"]
[Result "1/2-1/2"]
[WhiteElo "2149"]
[BlackElo "2397"]
[PlyCount "73"]
[EventDate "2014.06.06"]
[EventType "swiss"]
[EventRounds "7"]
[EventCountry "NED"]
[SourceTitle "CBM 160 Extra"]
[Source "ChessBase"]
[SourceDate "2014.07.01"]
[SourceVersion "1"]
[SourceVersionDate "2014.07.01"]
[SourceQuality "1"]

1. e4 c5 2. Nf3 a6 3. b3 d6 4. Bb2 Nc6 5. d4 cxd4 6. Nxd4 e5 7. Nxc6 bxc6 8. Be2 Nf6 9. Nd2 Be7 10. 0-0 0-0 11. Qe1 Be6 12. h3 Qb8 13. Bf3 Bd8 14. Qe2 Bb6 15. Rfd1 Bc5 16. g4 Re8 17. Kg2 Nd7 18. Nf1 Nf8 19. c3 Ng6 20. Bc1 d5 21. Kg1 d4 22. c4 a5 23. Rb1 Qd6 24. Qc2 Qe7 25. Ng3 a4 26. Nf5 Bxf5 27. exf5 axb3 28. axb3 e4 29. Bxe4 Qxe4 30. Qxe4 Rxe4 31. fxg6 hxg6 32. b4 Bb6 33. c5 Bc7 34. Kf1 Ra2 35. Rd2 Ra4 36. Rd3 Ra2 37. Rd2 1/2-1/2

[Event "Oberliga NRW 1314"]
[Site "Germany"]
[Date "2013.09.15"]
[Round "1.1"]
[White "Hausrath, Daniel"]
[Black "Tugui, Adrian"]
[Result "1-0"]
[WhiteElo "2530"]
[BlackElo "2379"]
[PlyCount "75"]
[EventDate "2013.09.15"]
[EventType "team-tourn"]
[EventRounds "9"]
[EventCountry "GER"]
[SourceTitle "EXT 2015"]
[Source "ChessBase"]
[SourceDate "2014.11.20"]
[SourceVersion "1"]
[SourceVersionDate "2014.11.20"]
[SourceQuality "1"]
[WhiteTeam "Muelheim II"]
[BlackTeam "Koeln SF"]
[WhiteTeamCountry "GER"]
[BlackTeamCountry "GER"]

1. Nf3 d5 2. g3 Nf6 3. Bg2 e6 4. d4 c5 5. 0-0 Nc6 6. c4 dxc4 7. dxc5 Bxc5 8. Qxd8+ Kxd8 9. Nbd2 Ke7 10. Nxc4 Nd7 11. Bd2 f6 12. Rac1 Rb8 13. Rfd1 Rd8 14. Bf4 e5 15. Ncxe5 fxe5 16. Bg5+ Nf6 17. Rxd8 Bxf2+ 18. Kxf2 Kxd8 19. Nd2 h6 20. Bxf6+ gxf6 21. Bxc6 bxc6 22. b3 Rb6 23. Rc4 Ra6 24. a4 Be6 25. Rh4 Rb6 26. Rxh6 Ke7 27. h4 Bxb3 28. a5 Rb5 29. Nxb3 Rxb3 30. Rh7+ Ke6 31. Rxa7 Kf5 32. a6 Ra3 33. Ra8 Kg6 34. a7 Kg7 35. e4 c5 36. Ke2 Kh7 37. Kd2 c4 38. Kc2 1-0

[Event "Plancoet op-A 10th"]
[Site "Plancoet"]
[Date "2013.08.01"]
[Round "7"]
[White "Bailet, Pierre"]
[Black "Tugui, Adrian"]
[Result "0-1"]
[WhiteElo "2474"]
[BlackElo "2387"]
[PlyCount "72"]
[EventDate "2013.07.28"]
[EventType "swiss"]
[EventRounds "9"]
[EventCountry "FRA"]
[SourceTitle "EXT 2017"]
[Source "ChessBase"]
[SourceDate "2016.10.25"]
[SourceVersion "1"]
[SourceVersionDate "2016.10.25"]
[SourceQuality "1"]

1. e4 c5 2. Nf3 d6 3. d4 cxd4 4. Nxd4 Nf6 5. Nc3 a6 6. Bg5 e6 7. f4 Nbd7 8. Qf3 Qc7 9. 0-0-0 b5 10. Bd3 Bb7 11. Rhe1 0-0-0 12. Kb1 Kb8 13. f5 b4 14. Nce2 e5 15. Nb3 a5 16. Ng3 a4 17. Nd2 Nb6 18. Nh5 Be7 19. Nxf6 gxf6 20. Be3 d5 21. Bxb6 Qxb6 22. exd5 Bc5 23. Be4 Bd4 24. d6 Ba6 25. d7 Rxd7 26. Bc6 Ra7 27. Bxa4 Bb7 28. Qb3 Qa5 29. Bd7 Bd5 30. c4 Bxg2 31. Re2 Rg8 32. Bb5 Bh3 33. a4 bxa3 34. c5 Bxf5+ 35. Bd3+ Rb7 36. Nc4 Rxb3 0-1

[Event "Maastricht Limburg op-A 7th"]
[Site "Maastricht"]
[Date "2013.05.20"]
[Round "6"]
[White "Tugui, Adrian"]
[Black "Schaeken, Yordi"]
[Result "1-0"]
[WhiteElo "2366"]
[BlackElo "2129"]
[PlyCount "123"]
[EventDate "2013.05.17"]
[EventType "swiss"]
[EventRounds "7"]
[EventCountry "NED"]
[SourceTitle "EXT 2014"]
[Source "ChessBase"]
[SourceDate "2013.11.20"]
[SourceVersion "1"]
[SourceVersionDate "2013.11.20"]
[SourceQuality "1"]

1. d4 e6 2. g3 Nf6 3. Bg2 d5 4. Nf3 c5 5. 0-0 cxd4 6. Nxd4 e5 7. Nb3 Be6 8. Nc3 Be7 9. f4 e4 10. f5 Bc8 11. Bg5 Nbd7 12. Qd4 a5 13. a4 Nb6 14. Rad1 Bd7 15. Kh1 Bc6 16. Be3 Nbd7 17. Qd2 Bb4 18. Bd4 Bxa4 19. Qg5 Bxc3 20. Bxc3 Bxb3 21. cxb3 0-0 22. g4 h6 23. Qh4 Nb6 24. Qg3 Re8 25. h4 Qb8 26. Rf4 Nbd7 27. Qe3 Ne5 28. Bh3 Rd8 29. g5 d4 30. Rxd4 Rxd4 31. Qxd4 hxg5 32. hxg5 Nd3 33. exd3 Qxf4 34. gxf6 Qf3+ 35. Bg2 Qd1+ 36. Kh2 Qxd3 37. Qxe4 Qxe4 38. Bxe4 gxf6 39. Bxb7 Rb8 40. Be4 Rxb3 41. Kg3 Kf8 42. Bd5 Rb5 43. Be4 Rb3 44. Kf4 Ke7 45. Bd5 Rb6 46. Ke4 Rb5 47. Bc4 Rc5 48. Bb3 Rb5 49. Bd5 Rc5 50. Ba2 Rb5 51. Bd4 Rb4 52. Bd5 Rb5 53. Bc4 Rb8 54. Kd5 Rc8 55. Bc3 a4 56. Bb4+ Kd8 57. Bd6 Ra8 58. Bb5 Ra5 59. Kc6 Ra8 60. Kb7 a3 61. Bxa3 Rc8 62. Be7+ 1-0

[Event "Maastricht Limburg op-A 7th"]
[Site "Maastricht"]
[Date "2013.05.17"]
[Round "1"]
[White "Maatman, Nick"]
[Black "Tugui, Adrian"]
[Result "0-1"]
[WhiteElo "2210"]
[BlackElo "2366"]
[PlyCount "128"]
[EventDate "2013.05.17"]
[EventType "swiss"]
[EventRounds "7"]
[EventCountry "NED"]
[SourceTitle "EXT 2014"]
[Source "ChessBase"]
[SourceDate "2013.11.20"]
[SourceVersion "1"]
[SourceVersionDate "2013.11.20"]
[SourceQuality "1"]

1. e4 c5 2. Nf3 a6 3. c4 d6 4. d4 Bg4 5. dxc5 Bxf3 6. gxf3 Qa5+ 7. Nc3 Qxc5 8. Be3 Qc6 9. Qd2 Nd7 10. 0-0-0 Ngf6 11. Kb1 g6 12. Nd5 Bg7 13. Bd4 Nh5 14. Bh3 Ne5 15. Bg4 e6 16. Bxh5 exd5 17. cxd5 Qb5 18. f4 Nc4 19. Qc3 Nxb2 20. Qxb2 Qxb2+ 21. Kxb2 Bxd4+ 22. Rxd4 gxh5 23. Rc1 Rg8 24. e5 Rg2 25. Rc7 Rxf2+ 26. Kb3 Re2 27. e6 fxe6 28. dxe6 Rxe6 29. f5 Re7 30. Rc3 Kd7 31. Rcd3 Rf8 32. Rxd6+ Kc7 33. R6d5 Kc6 34. Rd6+ Kc7 35. R6d5 Rf6 36. Rc3+ Kb6 37. a4 Rc6 38. Rh3 a5 39. Rdd3 Re4 40. Rxh5 Rb4+ 41. Ka3 Rc1 42. Rb3 Ra1+ 43. Kb2 Raxa4 44. Rxh7 Rxb3+ 45. Kxb3 Rf4 46. Rf7 Kc6 47. f6 b5 48. Rf8 Rf3+ 49. Kc2 a4 50. f7 Kb7 51. h4 b4 52. Rg8 Rxf7 53. Rg4 Rf2+ 54. Kd3 Rb2 55. Rg7+ Kc6 56. Rg6+ Kd5 57. Rg5+ Ke6 58. Rg6+ Kf5 59. Ra6 a3 60. h5 a2 61. h6 Rb3+ 62. Kc4 Ra3 63. h7 a1Q 64. Rf6+ Qxf6 0-1

[Event "Cappelle op 29th"]
[Site "Cappelle la Grande"]
[Date "2013.02.26"]
[Round "5"]
[White "Kunin, Vitaly L"]
[Black "Tugui, Adrian"]
[Result "1-0"]
[WhiteElo "2525"]
[BlackElo "2370"]
[PlyCount "87"]
[EventDate "2013.02.23"]
[EventType "swiss"]
[EventRounds "9"]
[EventCountry "FRA"]
[SourceTitle "CBM 153 Extra"]
[Source "ChessBase"]
[SourceDate "2013.04.22"]
[SourceVersion "1"]
[SourceVersionDate "2013.04.22"]
[SourceQuality "1"]

1. d4 Nf6 2. Nf3 e6 3. c4 b6 4. Nc3 Bb4 5. Qc2 Bb7 6. a3 Bxc3+ 7. Qxc3 d5 8. Bg5 Nbd7 9. e3 0-0 10. cxd5 exd5 11. Bd3 c5 12. 0-0 h6 13. Bh4 g5 14. Bg3 Ne4 15. Qc2 Qe7 16. dxc5 bxc5 17. b4 Rac8 18. Qe2 c4 19. Bc2 f5 20. Nd4 Ne5 21. Bxe5 Qxe5 22. f4 gxf4 23. Rxf4 Rf6 24. Raf1 Rcf8 25. Nxf5 Kh7 26. Qg4 Rg8 27. Qh4 Rg5 28. Ng3 Rxf4 29. exf4 Qd4+ 30. Kh1 Rg6 31. Nxe4 dxe4 32. f5 Rf6 33. Qf4 Qd6 34. Qe3 Qb6 35. Qc3 Qd6 36. Qxc4 Qe5 37. Bb3 Rf8 38. f6 Bc8 39. f7 Bf5 40. h3 Bg6 41. Qc5 Qxc5 42. bxc5 e3 43. Kg1 Kg7 44. Re1 1-0

[Event "Cappelle op 29th"]
[Site "Cappelle la Grande"]
[Date "2013.02.25"]
[Round "3"]
[White "Bray, Daniel Jose Freire"]
[Black "Tugui, Adrian"]
[Result "0-1"]
[WhiteElo "2078"]
[BlackElo "2370"]
[PlyCount "64"]
[EventDate "2013.02.23"]
[EventType "swiss"]
[EventRounds "9"]
[EventCountry "FRA"]
[SourceTitle "CBM 153 Extra"]
[Source "ChessBase"]
[SourceDate "2013.04.22"]
[SourceVersion "1"]
[SourceVersionDate "2013.04.22"]
[SourceQuality "1"]

1. d4 Nf6 2. c4 e6 3. Nf3 c5 4. Nc3 cxd4 5. Qxd4 Nc6 6. Qd3 d5 7. cxd5 exd5 8. Nd4 Be7 9. e3 0-0 10. Be2 Ne5 11. Qd1 Bd6 12. Bd2 a6 13. Qb3 b5 14. a4 b4 15. Nxd5 Bb7 16. Nxb4 a5 17. Nd3 Bxg2 18. Rg1 Bd5 19. Qd1 Nxd3+ 20. Bxd3 Bxh2 21. Rg5 h6 22. Rf5 g6 23. Bc3 gxf5 24. Nxf5 Re8 25. Nxh6+ Kf8 26. Bb5 Re5 27. Ng4 Nxg4 28. Qxg4 Qg5 29. Qh3 Qh5 30. Qd7 Rg5 31. Be2 Bf3 32. 0-0-0 Bxe2 0-1

[Event "Cappelle op 29th"]
[Site "Cappelle la Grande"]
[Date "2013.02.24"]
[Round "2"]
[White "Tugui, Adrian"]
[Black "Roger, Mehdi"]
[Result "1-0"]
[WhiteElo "2370"]
[BlackElo "2144"]
[PlyCount "85"]
[EventDate "2013.02.23"]
[EventType "swiss"]
[EventRounds "9"]
[EventCountry "FRA"]
[SourceTitle "CBM 153 Extra"]
[Source "ChessBase"]
[SourceDate "2013.04.22"]
[SourceVersion "1"]
[SourceVersionDate "2013.04.22"]
[SourceQuality "1"]

1. d4 g6 2. c4 Nf6 3. Nc3 Bg7 4. e4 d6 5. f3 0-0 6. Be3 c5 7. Nge2 Nc6 8. d5 Ne5 9. Ng3 e6 10. Be2 exd5 11. cxd5 a6 12. a4 h5 13. 0-0 Nh7 14. Qd2 h4 15. Nh1 f5 16. Nf2 Kh8 17. Kh1 Bd7 18. exf5 gxf5 19. Nh3 Rg8 20. Bh6 Qf6 21. Bxg7+ Rxg7 22. Rf2 Rag8 23. Bf1 Ng6 24. Ne2 Re7 25. a5 Rge8 26. Rb1 Bb5 27. Nef4 Nxf4 28. Nxf4 Bxf1 29. Rfxf1 Qh6 30. b4 cxb4 31. Rxb4 Kg8 32. Rb6 Nf8 33. Qb4 Rd8 34. h3 Rdd7 35. Rb1 Kh7 36. Ne6 Nxe6 37. Rxd6 Rxd6 38. Qxd6 Qg5 39. dxe6 Rg7 40. Rg1 f4 41. Qd2 Re7 42. Re1 Qf5 43. Re4 1-0

[Event "ROM-chT"]
[Site "Mamaia"]
[Date "2012.09.25"]
[Round "4.4"]
[White "Danilov, Vladimir"]
[Black "Tugui, Adrian"]
[Result "1-0"]
[WhiteElo "2410"]
[BlackElo "2381"]
[PlyCount "77"]
[EventDate "2012.09.22"]
[EventType "tourn"]
[EventRounds "9"]
[EventCountry "ROU"]
[SourceTitle "CBM 150 Extra"]
[Source "ChessBase"]
[SourceDate "2012.10.19"]
[SourceVersion "1"]
[SourceVersionDate "2012.10.19"]
[SourceQuality "1"]
[WhiteTeam "Iasi Politehnica"]
[BlackTeam "Ploiesti CSU"]
[WhiteTeamCountry "ROU"]
[BlackTeamCountry "ROU"]

1. d4 Nf6 2. c4 e6 3. Nc3 Bb4 4. Nf3 c5 5. g3 0-0 6. Bg2 d5 7. dxc5 Nc6 8. 0-0 Bxc5 9. cxd5 exd5 10. Na4 Be7 11. Be3 Ne4 12. Rc1 Re8 13. Nd4 Bd7 14. Nc5 Nxc5 15. Nxc6 Bxc6 16. Bxc5 Bf6 17. Rc2 d4 18. Bxc6 bxc6 19. Qd3 Qd5 20. b3 a5 21. Rd1 a4 22. b4 Rad8 23. Rcd2 h5 24. Qf3 Qxf3 25. exf3 Rd5 26. Kf1 g6 27. f4 Re6 28. Rd3 Re8 29. Re1 Rdd8 30. Rxe8+ Rxe8 31. Rd2 Bg7 32. Bxd4 Re4 33. Bc5 Bc3 34. Re2 Rxe2 35. Kxe2 h4 36. Kd3 Be1 37. a3 Kg7 38. Bd4+ Kh6 39. Ke2 1-0

[Event "ROM-chT"]
[Site "Mamaia"]
[Date "2012.09.24"]
[Round "3.5"]
[White "Ardeleanu, Alin"]
[Black "Tugui, Adrian"]
[Result "1/2-1/2"]
[WhiteElo "2335"]
[BlackElo "2381"]
[PlyCount "39"]
[EventDate "2012.09.22"]
[EventType "tourn"]
[EventRounds "9"]
[EventCountry "ROU"]
[SourceTitle "CBM 150 Extra"]
[Source "ChessBase"]
[SourceDate "2012.10.19"]
[SourceVersion "1"]
[SourceVersionDate "2012.10.19"]
[SourceQuality "1"]
[WhiteTeam "Timisoara Sinandrei"]
[BlackTeam "Ploiesti CSU"]
[WhiteTeamCountry "ROU"]
[BlackTeamCountry "ROU"]

1. e4 c5 2. Nf3 d6 3. Bb5+ Nd7 4. d4 Ngf6 5. Nc3 cxd4 6. Qxd4 e5 7. Qd3 h6 8. Be3 Be7 9. Nd2 0-0 10. Nc4 Qc7 11. Rd1 Rd8 12. Bxd7 Bxd7 13. Bd2 d5 14. exd5 e4 15. d6 Bxd6 16. Qxd6 Qxc4 17. Be3 Bc6 18. Qxd8+ Rxd8 19. Rxd8+ Kh7 20. Rd4 1/2-1/2

[Event "BL2-West 1112"]
[Site "Germany"]
[Date "2011.11.20"]
[Round "3.2"]
[White "Tugui, Adrian"]
[Black "Zatonskih, Anna"]
[Result "1/2-1/2"]
[WhiteElo "2384"]
[BlackElo "2508"]
[PlyCount "126"]
[EventDate "2011.10.02"]
[EventType "team-tourn"]
[EventRounds "9"]
[EventCountry "GER"]
[SourceTitle "EXT 2015"]
[Source "ChessBase"]
[SourceDate "2014.11.20"]
[SourceVersion "1"]
[SourceVersionDate "2014.11.20"]
[SourceQuality "1"]
[WhiteTeam "Koeln SF"]
[BlackTeam "Bochum"]
[WhiteTeamCountry "GER"]
[BlackTeamCountry "GER"]

1. d4 d5 2. Bg5 h6 3. Bh4 c6 4. Nf3 Qb6 5. b3 Bf5 6. e3 e6 7. Bd3 Bxd3 8. Qxd3 Nd7 9. 0-0 Be7 10. Bxe7 Nxe7 11. c4 0-0 12. Nc3 Rfd8 13. Qe2 Ng6 14. Rab1 Nf6 15. Rfc1 Qb4 16. g3 Qe7 17. cxd5 cxd5 18. Rc2 Rac8 19. Rbc1 Qd7 20. Na4 b6 21. Nc3 Ne4 22. Qb5 Nd6 23. Qxd7 Rxd7 24. Nb1 Rxc2 25. Rxc2 f6 26. Kf1 Kf7 27. Ke2 e5 28. a4 e4 29. Nfd2 Ne7 30. Na3 Ke8 31. Ndb1 Kd8 32. f3 f5 33. Rc1 Rc7 34. Rxc7 Kxc7 35. Nc3 a6 36. Nc2 a5 37. Na3 Kd7 38. f4 Ne8 39. Nab5 Nf6 40. h3 Nc6 41. Na2 Nb4 42. Nxb4 axb4 43. h4 Ng8 44. Na7 Ne7 45. Ke1 Ng6 46. Ke2 Nf8 47. Nb5 Ne6 48. Kd2 Nd8 49. Na7 Nb7 50. Kd1 Nd6 51. Nb5 Ne8 52. Ke2 Nf6 53. Na7 Ng4 54. Nb5 Nh2 55. Na7 Ng4 56. Nb5 Nf6 57. Na7 Nh7 58. Nb5 Nf8 59. Na7 Ne6 60. Nb5 g5 61. hxg5 hxg5 62. Na7 gxf4 63. gxf4 Ng7 1/2-1/2

[Event "ROM-chT"]
[Site "Brasov"]
[Date "2011.10.16"]
[Round "9.5"]
[White "Tugui, Adrian"]
[Black "Parligras, Mircea Emilian"]
[Result "0-1"]
[WhiteElo "2384"]
[BlackElo "2625"]
[PlyCount "103"]
[EventDate "2011.10.08"]
[EventType "team-tourn"]
[EventRounds "9"]
[EventCountry "ROU"]
[SourceTitle "CBM 144 Extra"]
[Source "ChessBase"]
[SourceDate "2011.10.28"]
[SourceVersion "1"]
[SourceVersionDate "2011.10.28"]
[SourceQuality "1"]
[WhiteTeam "Ploiesti Universitar"]
[BlackTeam "Timisoara Luxten"]
[WhiteTeamCountry "ROU"]
[BlackTeamCountry "ROU"]

1. d4 Nf6 2. Bg5 c5 3. Bxf6 gxf6 4. d5 Qb6 5. Qc1 f5 6. g3 Bg7 7. c3 d6 8. Bg2 Nd7 9. Nd2 Nf6 10. Qc2 Bd7 11. Nc4 Qa6 12. Ne3 e6 13. Nh3 h5 14. Nf4 0-0-0 15. h4 Ng4 16. Nxg4 hxg4 17. dxe6 fxe6 18. 0-0 Bh6 19. e3 Rhe8 20. c4 Bc6 21. Bxc6 Qxc6 22. Rad1 Kc7 23. Rd3 Bg7 24. Rfd1 Rd7 25. b3 Kd8 26. Qe2 Bf6 27. Qf1 Ke7 28. Qg2 Red8 29. R3d2 Qe4 30. a4 a6 31. Rc1 b6 32. Rcd1 Rb8 33. Rc1 b5 34. axb5 axb5 35. Qf1 b4 36. Ra2 Rbb7 37. Qd3 Ra7 38. Rcc2 Ra3 39. Rxa3 bxa3 40. Qd2 Rb7 41. Rc1 Rxb3 42. Rd1 Qc6 43. e4 fxe4 44. Ng6+ Kd7 45. Qf4 Rf3 46. Qh6 a2 47. Qh7+ Kd8 48. Qa7 e3 49. h5 exf2+ 50. Kf1 Rb3 51. Qa5+ Ke8 52. Qa7 0-1

[Event "ROM-chT"]
[Site "Brasov"]
[Date "2011.10.13"]
[Round "6.3"]
[White "Shishkin, Vadim"]
[Black "Tugui, Adrian"]
[Result "1-0"]
[WhiteElo "2450"]
[BlackElo "2384"]
[PlyCount "39"]
[EventDate "2011.10.08"]
[EventType "team-tourn"]
[EventRounds "9"]
[EventCountry "ROU"]
[SourceTitle "CBM 144 Extra"]
[Source "ChessBase"]
[SourceDate "2011.10.28"]
[SourceVersion "1"]
[SourceVersionDate "2011.10.28"]
[SourceQuality "1"]
[WhiteTeam "Resita Muncitorul"]
[BlackTeam "Ploiesti Universitar"]
[WhiteTeamCountry "ROU"]
[BlackTeamCountry "ROU"]

1. d4 d5 2. c4 dxc4 3. e4 b5 4. a4 c6 5. Nc3 b4 6. Nce2 Nf6 7. Ng3 e5 8. Bxc4 Qxd4 9. Qb3 Qd7 10. Nf3 Qe7 11. Ng5 Be6 12. Nxe6 fxe6 13. Bxe6 Nbd7 14. Be3 g6 15. 0-0 h5 16. Rad1 Bh6 17. Qc4 c5 18. Bxh6 Rxh6 19. Bxd7+ Nxd7 20. Rxd7 1-0

[Event "BL2-West 0809"]
[Site "Germany"]
[Date "2009.02.01"]
[Round "6.6"]
[White "Tugui, Adrian"]
[Black "Balcerak, Jakob"]
[Result "1/2-1/2"]
[WhiteElo "2365"]
[BlackElo "2415"]
[PlyCount "29"]
[EventDate "2008.10.05"]
[EventType "team-tourn"]
[EventRounds "9"]
[EventCountry "GER"]
[SourceTitle "CBM 129 Extra"]
[Source "ChessBase"]
[SourceDate "2009.05.05"]
[SourceVersion "2"]
[SourceVersionDate "2009.05.20"]
[SourceQuality "1"]
[WhiteTeam "Hofheim"]
[BlackTeam "Koeln Porz"]
[WhiteTeamCountry "GER"]
[BlackTeamCountry "GER"]

1. d4 d5 2. Bg5 h6 3. Bh4 c6 4. Nf3 Qb6 5. b3 Bf5 6. e3 e6 7. Bd3 Bxd3 8. Qxd3 Nd7 9. 0-0 Be7 10. Bxe7 Nxe7 11. Nbd2 0-0 12. e4 c5 13. c4 cxd4 14. exd5 exd5 15. Qxd4 1/2-1/2

[Event "Porto San Giorgio op 20th"]
[Site "Porto San Giorgio"]
[Date "2008.08.23"]
[Round "3"]
[White "Tugui, Adrian"]
[Black "Sautto, Daniele"]
[Result "1/2-1/2"]
[WhiteElo "2375"]
[BlackElo "2206"]
[PlyCount "56"]
[EventDate "2008.08.21"]
[EventType "swiss"]
[EventRounds "9"]
[EventCountry "ITA"]
[SourceTitle "CBM 126 Extra"]
[Source "ChessBase"]
[SourceDate "2008.11.05"]
[SourceVersion "1"]
[SourceVersionDate "2008.11.05"]
[SourceQuality "1"]

1. d4 d5 2. c4 c6 3. Nf3 Nf6 4. Nc3 dxc4 5. a4 Na6 6. e4 Bg4 7. Bxc4 Bxf3 8. gxf3 e6 9. Be3 Nb4 10. f4 Qa5 11. 0-0 0-0-0 12. Kh1 Be7 13. Rc1 Ne8 14. f5 exf5 15. e5 f6 16. Qf3 Kb8 17. d5 cxd5 18. exf6 gxf6 19. Bf4+ Bd6 20. Nxd5 Nxd5 21. Bxd5 Bxf4 22. Qxf4+ Nd6 23. Rfd1 Rhe8 24. b4 Qxa4 25. Bxb7 Kxb7 26. Rxd6 Rxd6 27. Qxd6 Qb5 28. h3 Rc8 1/2-1/2

[Event "Oberliga NRW 0708"]
[Site "Germany"]
[Date "2008.04.06"]
[Round "8.3"]
[White "Tugui, Adrian"]
[Black "Hortsch Stoyanov, Petar"]
[Result "1-0"]
[WhiteElo "2361"]
[BlackElo "2275"]
[PlyCount "121"]
[EventDate "2007.09.16"]
[EventType "team-tourn"]
[EventRounds "9"]
[EventCountry "GER"]
[SourceTitle "EXT 2009"]
[Source "ChessBase"]
[SourceDate "2008.11.26"]
[SourceVersion "1"]
[SourceVersionDate "2008.11.26"]
[SourceQuality "1"]
[WhiteTeam "KKS"]
[BlackTeam "Gescher"]
[WhiteTeamCountry "GER"]
[BlackTeamCountry "GER"]

1. d4 Nf6 2. c4 e6 3. Nc3 Bb4 4. Qc2 c5 5. dxc5 Bxc5 6. Nf3 a6 7. Bg5 Be7 8. e4 d6 9. Be2 Qc7 10. 0-0 0-0 11. Rfd1 Nbd7 12. b4 b6 13. Rac1 Bb7 14. a3 Rfe8 15. h3 Nf8 16. Bf1 Ng6 17. Re1 h6 18. Be3 Nd7 19. Na4 Rac8 20. Qb1 Bd8 21. Nd2 Qb8 22. Nb3 Qa8 23. Bd4 Nh4 24. Qd3 Ng6 25. Qe3 Bg5 26. Qg3 Bxc1 27. Nxc1 e5 28. Nxb6 Nxb6 29. Bxb6 Bxe4 30. Nb3 Bf5 31. Rd1 Re6 32. Qe3 Nf4 33. Kh2 d5 34. c5 Ng6 35. Na5 d4 36. Qe2 d3 37. Qe3 e4 38. g4 Qb8+ 39. Qg3 Ne5 40. gxf5 Rf6 41. Kg2 Rxf5 42. Kh1 Rg5 43. Qf4 Re8 44. Qxe4 Qc8 45. Bg2 Ng6 46. Qd4 Qf5 47. Bc7 Rh5 48. Bg3 Rxh3+ 49. Bxh3 Qf3+ 50. Kh2 Qxd1 51. Nc4 Qf3 52. Bg4 Qe4 53. Qxe4 Rxe4 54. Ne3 Ne7 55. Bf3 Re6 56. a4 Nc6 57. Bxc6 Rxc6 58. Bd6 Rc8 59. Kg3 g5 60. b5 axb5 61. axb5 1-0